Normal view MARC view

Entry Personal Name

Number of records used in: 2

001 - CONTROL NUMBER

  • control field: 5849

003 - CONTROL NUMBER IDENTIFIER

  • control field: OSt

005 - DATE AND TIME OF LATEST TRANSACTION

  • control field: 20220106142729.0

008 - FIXED-LENGTH DATA ELEMENTS

  • fixed length control field: 220106|| aca||aabn | a|a d

040 ## - CATALOGING SOURCE

  • Original cataloging agency: OSt
  • Transcribing agency: OSt

100 ## - HEADING--PERSONAL NAME

  • Personal name: Heywood, Ian. Cornelius, Sarah. Carver, Steve and Raju, Srin

670 ## - SOURCE DATA FOUND

  • Source citation: Work cat.: (OSt): Heywood, Ian. Cornelius, Sarah. Carver, Steve and Raju, Srin , Introduction to geographical information systems

Powered by Koha